Migration, narration, identity (Record no. 159747)
[ view plain ]
| 000 -LEADER | |
|---|---|
| fixed length control field | 01292nam a2200313Ia 4500 |
| 245 00 - TITLE STATEMENT | |
| Title | Migration, narration, identity |
| 260 ## - PUBLICATION, DISTRIBUTION, ETC. (IMPRINT) | |
| Place of publication | Frankfurt am Main : |
| Name of publisher | Peter Lang, |
| Year of publication | 2012. |
| 300 ## - PHYSICAL DESCRIPTION | |
| Number of Pages | 185 p. |
| 490 0# - SERIES STATEMENT | |
| Series statement | Text - meaning Context: Cracow studies in English language, literature and culture ; |
| 650 #0 - SUBJECT ADDED ENTRY--TOPICAL TERM | |
| Topical Term | Emigration and immigration |
| Topical Term | Population geography. |
| 700 1# - ADDED ENTRY--PERSONAL NAME | |
| Personal name | Leese, Peter. |
| Personal name | McLaughlin, Carly. |
| Personal name | Witalisz, Wladyslaw. |
| 856 40 - ELECTRONIC LOCATION AND ACCESS | |
| Uniform Resource Identifier | http://site.ebrary.com/lib/rucke/Doc?id=10666402 |
No items available.
